| 000 | 01308nam a2200325 ia4500 | ||
|---|---|---|---|
| 003 | OSt | ||
| 005 | 20251211151048.0 | ||
| 008 | 251211t20252025mnuo jr 001 0 eng d | ||
| 020 |
_a9798765647875 _qhardback _cRM 137.95 |
||
| 040 |
_aPPAK _beng _cPPAK _erda |
||
| 082 | 0 | 4 |
_a006.3 _223 |
| 090 | 0 | 0 |
_a006.3 _bOLS _dK |
| 100 | 1 |
_aOlson, Elsie, _d1986- _eauthor. |
|
| 245 | 1 | 0 |
_aAI BASICS / _cElsie Olson |
| 246 | 3 | _aArtificial intelligence basics | |
| 264 | 1 |
_aMinneapolis, MN : _bLerner Publications, _c2025 |
|
| 264 | 4 | _c©2025 | |
| 300 |
_a32 pages : _bcolour photographs, _c24 cm |
||
| 336 |
_atext _2rdacontent |
||
| 336 |
_astill image _2rdacontent |
||
| 337 |
_aunmediated _2rdamedia |
||
| 338 |
_avolume _2rdacarrier |
||
| 490 | 1 | _aEXPLORING ARTIFICIAL INTELLIGENCE | |
| 504 | _aIncludes bibliographical references and index. | ||
| 520 |
_a"Dive deep into artificial intelligence, from what it is to how it works. Readers discover the history of machine learning. They also learn how AI is used currently and explore the technology's future"-- _cProvided by publisher. |
||
| 650 | 1 | 0 |
_aArtificial intelligence _vJuvenile literature. |
| 650 | 2 | 0 |
_aArtificial intelligence _xHistory _vJuvenile literature. |
| 830 | 0 | _aExploring Artificial Intelligence | |
| 942 |
_2ddc _cB |
||
| 999 |
_c202109 _d202109 |
||